|
|
|
|
| LEADER |
00000nam0a2200000 4500 |
| 001 |
328145 |
| 005 |
20231102004030.0 |
| 035 |
|
|
|a (RuTPU)RU\TPU\book\353845
|
| 090 |
|
|
|a 328145
|
| 100 |
|
|
|a 20170213d1984 km y0czey50 ba
|
| 101 |
0 |
|
|a cze
|a rus
|
| 102 |
|
|
|a CZ
|
| 105 |
|
|
|a a z 000zy
|
| 200 |
1 |
|
|a Krusne hory
|
| 210 |
|
|
|a Decin
|c Severoceske nakladatelstvi
|d 1984
|
| 215 |
|
|
|a 287 p.
|c il.
|
| 300 |
|
|
|a В суперобложке
|
| 317 |
|
|
|5 63413507: КР-2202
|a Поступила в НТБ в 2017 г. в составе книжного собрания ректора ТПИ И. П. Чучалина
|
| 606 |
1 |
|
|a География
|x Европы
|2 stltpush
|3 (RuTPU)RU\TPU\subj\5922
|9 33906
|
| 610 |
1 |
|
|a Чехия
|
| 610 |
1 |
|
|a Рудные горы
|
| 610 |
1 |
|
|a история
|
| 610 |
1 |
|
|a экономика
|
| 610 |
1 |
|
|a геоморфология
|
| 610 |
1 |
|
|a флора
|
| 610 |
1 |
|
|a фауна
|
| 610 |
1 |
|
|a водохозяйственный баланс
|
| 610 |
1 |
|
|a торфяники
|
| 610 |
1 |
|
|a Крушные горы
|
| 610 |
1 |
|
|a коллекция И. П. Чучалина
|
| 610 |
1 |
|
|a фотоальбомы
|
| 610 |
1 |
|
|a дары библиотеке
|
| 675 |
|
|
|a 91(4)(084)
|v 4
|
| 801 |
|
1 |
|a RU
|b 63413507
|c 20170213
|
| 801 |
|
2 |
|a RU
|b 63413507
|c 20190125
|g RCR
|
| 942 |
|
|
|c BK
|